000 01104nam0a22002651 4500
001 rc\742866
005 20260407090135.0
035 _a(NLR Aleph) 006272074
090 _a6960161
_c6960161
100 _a20040301d1985 |||y0rusy50 ca
101 0 _arus
102 _aRU
105 _ay |||||||||
200 1 _aО предельном свойстве структуры кадров в дискретной нестационарной модели динамики персонала организации
_eМатериалы семинара Отд. вычисл. математики
210 _aМ.
_cВИНИТИ
_d1985
215 _a13 с.
_d21
225 1 _aПрепринт
_fАН СССР, Отд. вычисл. математики
_v89
320 _aБиблиогр.: с. 13
700 1 _aТерехов
_bА.И.
_gАлександр Иванович
712 0 2 _aАН СССР
_bОтдел вычислительной математики
_3RU\NLR\AUTH\8813819
_9300709
801 0 _aRU
_bNLR
_gpsbo
801 1 _aRU
_bELAR
_2rusmarc
852 _aNLR
_j85-6/5810
942 _cBOOK
980 _aNB